| 000 | 00527nam a2200169 i 4500 | ||
|---|---|---|---|
| 001 | 86961 | ||
| 003 | ES-MaACL | ||
| 007 | t| | ||
| 008 | 041217s1975 sp ||||1| spa d | ||
| 100 | 1 |
_aKoning, Frederick. _968557 |
|
| 245 | 1 | 0 |
_aHistoria del satanismo / _cFrederick Koning ; [traducción, Cristóbal Zaragoza Sellés]. |
| 250 | _a[1ª ed.]. | ||
| 260 |
_aBarcelona : _bBruguera, _c[1975] |
||
| 300 |
_a500 p., 11 lám. : _bil. ; _c24 cm. |
||
| 700 | 1 |
_aZaragoza, Cristóbal. _9118028 |
|
| 852 |
_aES-MaACL _jE-8322 _bR.92901 |
||
| 999 |
_c86961 _d86961 |
||